[Event "AUT-ch U18 Online Rapid"]
[Site "Playchess.com INT"]
[Date "2020.12.13"]
[Round "2"]
[White "Peyrer, Konstantin"]
[Black "Stolz, Julius"]
[Result "1-0"]
[WhiteElo "2194"]
[BlackElo "1683"]
[PlyCount "51"]
[EventDate "2020.12.13"]
[EventType "swiss (rapid)"]
[EventRounds "7"]
[EventCountry "AUT"]
[SourceTitle "EXT 2022"]
[Source "ChessBase"]
[SourceDate "2021.10.06"]
[SourceVersion "1"]
[SourceVersionDate "2021.10.06"]
[SourceQuality "1"]

1. Nf3 d5 2. g3 Nf6 3. Bg2 e6 4. 0-0 Be7 5. c4 0-0 6. b3 b6 7. Bb2 Bb7 8. d4 c5 9. Nbd2 Nbd7 10. Rc1 Rc8 11. cxd5 Bxd5 12. e3 cxd4 13. Nxd4 Bxg2 14. Kxg2 Nc5 15. N2f3 Qd5 16. Qe2 Rfd8 17. Rfd1 Qb7 18. Ba1 Nfe4 19. Kg1 Bf6 20. Rc2 g6 21. Rdc1 Kg7 22. h4 h5 23. Ng5 a5 24. Qf3 Qd5 25. Nxe4 Bxd4 26. Bxd4+ 1-0

[Event "AUT-ch U18 Online Blitz"]
[Site "Playchess.com INT"]
[Date "2020.12.11"]
[Round "2"]
[White "Peyrer, Konstantin"]
[Black "Stolz, Julius"]
[Result "1-0"]
[WhiteElo "2267"]
[BlackElo "1632"]
[PlyCount "49"]
[EventDate "2020.12.11"]
[EventType "swiss (blitz)"]
[EventRounds "7"]
[EventCountry "AUT"]
[SourceTitle "EXT 2022"]
[Source "ChessBase"]
[SourceDate "2021.10.06"]
[SourceVersion "1"]
[SourceVersionDate "2021.10.06"]
[SourceQuality "1"]

1. d4 Nf6 2. Bf4 d5 3. e3 c5 4. c3 Nc6 5. Nd2 e6 6. Ngf3 b6 7. Bb5 Bd7 8. Qa4 Rc8 9. h3 Nb8 10. Ne5 Bxb5 11. Qxb5+ Nbd7 12. 0-0 Nh5 13. Bh2 g6 14. a4 Bd6 15. Ndf3 Qc7 16. a5 f6 17. axb6 axb6 18. Nxd7 Bxh2+ 19. Nxh2 Qxd7 20. Qxb6 0-0 21. Ra7 Qc6 22. dxc5 Qxc5 23. Qxe6+ Kh8 24. Ng4 Rce8 25. Qd7 1-0

[Event "AUT-chT2M 1920"]
[Site "Austria"]
[Date "2020.01.11"]
[Round "8.6"]
[White "Stolz, Julius"]
[Black "Rechberger, Franz"]
[Result "1/2-1/2"]
[WhiteElo "2130"]
[BlackElo "2117"]
[PlyCount "47"]
[EventDate "2019.10.11"]
[EventType "team-tourn"]
[EventRounds "11"]
[EventCountry "AUT"]
[SourceTitle "CBM 194 Extra"]
[Source "ChessBase"]
[SourceDate "2020.03.31"]
[SourceVersion "1"]
[SourceVersionDate "2020.03.31"]
[SourceQuality "1"]
[WhiteTeam "Steyregg"]
[BlackTeam "Freistadt/Wartberg"]
[WhiteTeamCountry "AUT"]
[BlackTeamCountry "AUT"]

1. e4 c6 2. d4 d5 3. exd5 cxd5 4. Bd3 Nc6 5. c3 Nf6 6. Bf4 g6 7. Nf3 Nh5 8. Bg5 Qd6 9. 0-0 Bg7 10. Re1 0-0 11. Nbd2 f6 12. Bh4 e5 13. dxe5 fxe5 14. Bb5 Qc5 15. Bxc6 bxc6 16. Nxe5 a5 17. Ndf3 a4 18. Qd4 Qd6 19. c4 Rf4 20. c5 Qc7 21. Qc3 Rc4 22. Qe3 Re4 23. Qc3 Rc4 24. Qe3 1/2-1/2

[Event "AUT-chT2M 1920"]
[Site "Austria"]
[Date "2019.11.08"]
[Round "4.6"]
[White "Stolz, Julius"]
[Black "Lentrodt, Thomas"]
[Result "1/2-1/2"]
[WhiteElo "2130"]
[BlackElo "2251"]
[PlyCount "83"]
[EventDate "2019.10.11"]
[EventType "team-tourn"]
[EventRounds "11"]
[EventCountry "AUT"]
[SourceTitle "CBM 192 Extra"]
[Source "Chessbase"]
[SourceDate "2019.11.06"]
[SourceVersion "1"]
[SourceVersionDate "2019.11.06"]
[SourceQuality "1"]
[WhiteTeam "Steyregg"]
[BlackTeam "Grieskirchen/Bad Schallenberg"]
[WhiteTeamCountry "AUT"]
[BlackTeamCountry "AUT"]

1. e4 c5 2. Nf3 e6 3. b3 d6 4. Bb2 Nf6 5. e5 dxe5 6. Nxe5 Be7 7. Bd3 Nbd7 8. f4 Nxe5 9. fxe5 Nd5 10. 0-0 g6 11. Qf3 0-0 12. Na3 Bd7 13. Nc4 Bc6 14. Be4 Nb4 15. Nd6 Qd7 16. Bxc6 Nxc6 17. Ne4 Nd4 18. Qd3 Qb5 19. Qxb5 Nxb5 20. d3 Rad8 21. Rf2 Nd4 22. Re1 Rd5 23. Nc3 Rd7 24. Bc1 Kg7 25. Ref1 Nc6 26. Re1 b6 27. Ne4 h6 28. Nf6 Rdd8 29. Ng4 g5 30. h3 Kg6 31. Nh2 Rd5 32. Bb2 h5 33. g4 h4 34. Nf3 Rd7 35. Kg2 Nb4 36. a3 Nc6 37. Nd2 Rd5 38. Nf3 Rd7 39. Nd2 Rd5 40. Nf3 Rfd8 41. Ref1 Rf8 42. Re1 1/2-1/2

[Event "Feffernitz op 28th"]
[Site "Feffernitz"]
[Date "2019.08.24"]
[Round "8"]
[White "Perhinig, Robert"]
[Black "Stolz, Julius"]
[Result "1/2-1/2"]
[WhiteElo "2281"]
[BlackElo "2047"]
[PlyCount "92"]
[EventDate "2019.08.18"]
[EventType "swiss"]
[EventRounds "9"]
[EventCountry "AUT"]
[SourceTitle "EXT 2020"]
[Source "ChessBase"]
[SourceDate "2019.10.17"]
[SourceVersion "1"]
[SourceVersionDate "2019.10.17"]
[SourceQuality "1"]

1. d4 Nf6 2. c4 e6 3. Nc3 Bb4 4. Qc2 0-0 5. a3 Bxc3+ 6. Qxc3 d5 7. Bg5 dxc4 8. Qxc4 b6 9. Nf3 Ba6 10. Qc2 Nbd7 11. Qa4 Bb7 12. e3 c5 13. Be2 cxd4 14. Qxd4 Nc5 15. Bxf6 Qxf6 16. Qxf6 gxf6 17. Nd4 Rfd8 18. b4 Ne4 19. 0-0 Kf8 20. Rfc1 Rac8 21. Bf3 Ke7 22. h4 f5 23. a4 Rxc1+ 24. Rxc1 Rc8 25. Rxc8 Bxc8 26. a5 Bd7 27. axb6 axb6 28. Bxe4 fxe4 29. Ne2 Kd6 30. Nc3 Ke5 31. Kh2 f6 32. Kg3 Be8 33. Kg4 h6 34. Kh3 Bc6 35. g4 b5 36. Kg3 Be8 37. g5 hxg5 38. hxg5 fxg5 39. Kg4 Bc6 40. Kxg5 Be8 41. Kg4 Bd7 42. Kg3 Bc6 43. Kg4 Bd7 44. Kh5 Bc6 45. Kg5 Be8 46. Kg4 Bd7 1/2-1/2

[Event "Feffernitz op 28th"]
[Site "Feffernitz"]
[Date "2019.08.23"]
[Round "7"]
[White "Stolz, Julius"]
[Black "Mitter, Gerd"]
[Result "1-0"]
[WhiteElo "2047"]
[BlackElo "2204"]
[PlyCount "82"]
[EventDate "2019.08.18"]
[EventType "swiss"]
[EventRounds "9"]
[EventCountry "AUT"]
[SourceTitle "EXT 2020"]
[Source "ChessBase"]
[SourceDate "2019.10.17"]
[SourceVersion "1"]
[SourceVersionDate "2019.10.17"]
[SourceQuality "1"]

1. d4 Nf6 2. c4 e6 3. Nc3 d5 4. cxd5 Nxd5 5. e4 Nxc3 6. bxc3 c5 7. Nf3 cxd4 8. cxd4 Nc6 9. Be2 Bb4+ 10. Bd2 Qa5 11. Bxb4 Qxb4+ 12. Qd2 0-0 13. Qxb4 Nxb4 14. Kd2 Rd8 15. Rhc1 b6 16. a3 Na6 17. Rxc8 Raxc8 18. Bxa6 Rc7 19. Rd1 Rc5 20. a4 Ra5 21. Bb5 a6 22. Bc6 b5 23. axb5 axb5 24. d5 b4 25. Kc2 Rc5+ 26. Kb2 Kf8 27. Nd4 e5 28. Nf5 Rc4 29. f3 Rc3 30. Ra1 g6 31. Nh6 Ra3 32. Rxa3 bxa3+ 33. Kxa3 Ke7 34. Kb4 Rb8+ 35. Kc5 Rd8 36. Ng4 f6 37. Ne3 Rb8 38. d6+ Ke6 39. Nc4 Rb1 40. d7 Ke7 41. Na5 Rc1+ 1-0

[Event "Feffernitz op 28th"]
[Site "Feffernitz"]
[Date "2019.08.20"]
[Round "4"]
[White "Stolz, Julius"]
[Black "Rabitsch, David"]
[Result "1-0"]
[WhiteElo "2047"]
[BlackElo "1246"]
[PlyCount "43"]
[EventDate "2019.08.18"]
[EventType "swiss"]
[EventRounds "9"]
[EventCountry "AUT"]
[SourceTitle "EXT 2020"]
[Source "ChessBase"]
[SourceDate "2019.10.17"]
[SourceVersion "1"]
[SourceVersionDate "2019.10.17"]
[SourceQuality "1"]

1. d4 d5 2. c4 e6 3. Nc3 Nf6 4. cxd5 exd5 5. Bg5 Be7 6. e3 Be6 7. Bd3 0-0 8. Qc2 Nbd7 9. Nf3 h6 10. Bh4 b6 11. 0-0 Rb8 12. Nb5 Rb7 13. Bg3 c5 14. Nd6 Bxd6 15. Bxd6 Re8 16. Ba6 Nb8 17. Bxb7 Qxd6 18. Qa4 Qc7 19. Ba6 Bd7 20. Bb5 Bxb5 21. Qxb5 Rf8 22. dxc5 1-0

[Event "AUT-ch U18"]
[Site "Sankt Veit an der Glan"]
[Date "2019.04.17"]
[Round "6"]
[White "Wischounig, Laurin"]
[Black "Stolz, Julius"]
[Result "1-0"]
[WhiteElo "1989"]
[BlackElo "1968"]
[PlyCount "103"]
[EventDate "2019.04.14"]
[EventType "swiss"]
[EventRounds "7"]
[EventCountry "AUT"]
[SourceTitle "CBM 190 Extra"]
[Source "ChessBase"]
[SourceDate "2019.07.15"]
[SourceVersion "1"]
[SourceVersionDate "2019.07.15"]
[SourceQuality "1"]

1. d4 Nf6 2. c4 e6 3. Nc3 Bb4 4. e3 0-0 5. Nge2 d5 6. a3 Be7 7. Nf4 b6 8. cxd5 exd5 9. Bd3 Bb7 10. b4 Re8 11. Bb2 Bd6 12. Qf3 a6 13. Nce2 Nc6 14. g4 Ne7 15. h4 Ng6 16. g5 Ne4 17. Nh5 Qe7 18. Neg3 Bxb4+ 19. Kd1 Nxg3 20. Nxg3 Bd6 21. Nf5 Qd7 22. h5 Nf8 23. Nxg7 Kxg7 24. Qf6+ Kg8 25. h6 Ne6 26. Qf5 Kf8 27. Qf6 Qd8 28. Qh8+ Ke7 29. Qxh7 Nxg5 30. Qf5 Ne6 31. e4 dxe4 32. d5 Kd7 33. Bxe4 Kc8 34. Kc2 Kb8 35. dxe6 fxe6 36. Qf3 Bxe4+ 37. Qxe4 Ka7 38. h7 e5 39. Rad1 Qf6 40. f4 Qh8 41. Qc6 Rac8 42. Kb1 Kb8 43. Rxd6 cxd6 44. Qxb6+ Ka8 45. Qxa6+ Kb8 46. Qb6+ Ka8 47. Rh3 Qg7 48. Qxd6 Qg1+ 49. Ka2 Qf1 50. Qd5+ Ka7 51. Rb3 Rb8 52. Qd7+ 1-0

[Event "Feffernitz op 27th"]
[Site "Feffernitz"]
[Date "2018.08.24"]
[Round "7"]
[White "Stolz, Julius"]
[Black "Kerschenbauer, Franz"]
[Result "1/2-1/2"]
[WhiteElo "1965"]
[BlackElo "1863"]
[PlyCount "113"]
[EventDate "2018.08.19"]
[EventType "swiss"]
[EventRounds "9"]
[EventCountry "AUT"]
[SourceTitle "CBM 186 Extra"]
[Source "ChessBase"]
[SourceDate "2018.08.24"]
[SourceVersion "1"]
[SourceVersionDate "2018.08.24"]
[SourceQuality "1"]

1. e4 e6 2. d4 d5 3. Nd2 Nf6 4. e5 Nfd7 5. Bd3 c5 6. c3 Nc6 7. Ne2 cxd4 8. cxd4 f6 9. exf6 Nxf6 10. Nf3 Bd6 11. 0-0 Qc7 12. Nc3 a6 13. Re1 0-0 14. h3 Bd7 15. Be3 Rae8 16. Rc1 Qb8 17. Bb1 Re7 18. a3 Qe8 19. Qd3 Qh5 20. Bd2 e5 21. dxe5 Nxe5 22. Nxe5 Rxe5 23. Rxe5 Qxe5 24. f4 Qh5 25. Re1 Bc5+ 26. Be3 Re8 27. Ba2 Kh8 28. Nd1 Bxh3 29. gxh3 Qxh3 30. Qd2 Ng4 31. Qg2 Qh4 32. Kf1 Nxe3+ 33. Nxe3 Rxe3 34. Rxe3 Bxe3 35. Ke2 Bxf4 36. Qxd5 Qe7+ 37. Kf3 Qe3+ 38. Kg4 Qg3+ 39. Kf5 Qg5+ 40. Ke4 Qxd5+ 41. Bxd5 Bc1 42. Bxb7 Bxb2 43. Bxa6 Bxa3 44. Bf1 g6 45. Bh3 Kg7 46. Kf3 h6 47. Kg4 h5+ 48. Kf3 Kf6 49. Bd7 g5 50. Bh3 Ke5 51. Bd7 Kd4 52. Bh3 Kd3 53. Bd7 Kd2 54. Bh3 Ke1 55. Bd7 Kf1 56. Bh3+ Kg1 57. Bd7 1/2-1/2

[Event "Feffernitz op 27th"]
[Site "Feffernitz"]
[Date "2018.08.21"]
[Round "4"]
[White "Perhinig, Robert"]
[Black "Stolz, Julius"]
[Result "1-0"]
[WhiteElo "2226"]
[BlackElo "1965"]
[PlyCount "140"]
[EventDate "2018.08.19"]
[EventType "swiss"]
[EventRounds "9"]
[EventCountry "AUT"]
[SourceTitle "CBM 186 Extra"]
[Source "ChessBase"]
[SourceDate "2018.08.24"]
[SourceVersion "1"]
[SourceVersionDate "2018.08.24"]
[SourceQuality "1"]

1. d4 Nf6 2. Bg5 Ne4 3. Bf4 c5 4. f3 Qa5+ 5. c3 Nf6 6. Nd2 cxd4 7. Nb3 Qb6 8. Qxd4 Nc6 9. Qxb6 axb6 10. Nd4 Ra5 11. e4 e5 12. Nxc6 dxc6 13. Be3 Be6 14. a3 Nd7 15. g3 b5 16. Bh3 Bxh3 17. Nxh3 Ra6 18. Rd1 Nc5 19. Ke2 Na4 20. Rd2 Bc5 21. Rhd1 0-0 22. Bxc5 Nxc5 23. Nf2 Raa8 24. Ng4 Rfe8 25. Ne3 Kf8 26. c4 Nb3 27. Rd7 Nd4+ 28. Kf2 Re7 29. Rxe7 Kxe7 30. cxb5 Nxb5 31. Nf5+ Kf6 32. Rd7 Ra7 33. f4 b6 34. Rd8 exf4 35. gxf4 g6 36. Nd6 Ke7 37. Nxb5 cxb5 38. Rd5 b4 39. axb4 Ra2 40. Rb5 Rxb2+ 41. Ke3 Rxh2 42. Rxb6 h5 43. f5 gxf5 44. exf5 Rb2 45. Kf4 f6 46. Kg3 Kf7 47. Rb7+ Kg8 48. b5 Rb4 49. b6 Rb1 50. Kf3 Rb4 51. Ke3 Rb1 52. Ke4 Rb4+ 53. Kd5 h4 54. Kc5 Rb1 55. Rd7 h3 56. Rd2 Kg7 57. Rh2 Rb3 58. Kc6 Kh6 59. b7 Kg5 60. Rxh3 Rxb7 61. Kxb7 Kxf5 62. Rh1 Ke4 63. Re1+ Kd5 64. Rf1 Ke5 65. Kc6 f5 66. Kc5 Ke4 67. Kc4 f4 68. Re1+ Kf3 69. Kd3 Kf2 70. Re8 f3 1-0

[Event "St Veit op-B 37th"]
[Site "St Veit"]
[Date "2018.07.12"]
[Round "7"]
[White "Stolz, Julius"]
[Black "Bulatovic, Milorad"]
[Result "0-1"]
[WhiteElo "1965"]
[BlackElo "1934"]
[PlyCount "39"]
[EventDate "2018.07.07"]
[EventType "swiss"]
[EventRounds "9"]
[EventCountry "AUT"]
[SourceTitle "EXT 2020"]
[Source "ChessBase"]
[SourceDate "2019.10.17"]
[SourceVersion "1"]
[SourceVersionDate "2019.10.17"]
[SourceQuality "1"]

1. e4 e5 2. Nf3 Nc6 3. Bc4 Be7 4. d4 d6 5. c3 Nf6 6. 0-0 0-0 7. Re1 Bg4 8. d5 Nb8 9. Bf1 a5 10. c4 Nbd7 11. Nc3 Nc5 12. b3 Re8 13. a3 Bh5 14. Rb1 Bg6 15. Nd2 c6 16. b4 axb4 17. axb4 Ncd7 18. f3 cxd5 19. cxd5 Qb6+ 20. Kh1 0-1

[Event "St Veit op-B 37th"]
[Site "St Veit"]
[Date "2018.07.10"]
[Round "5"]
[White "Stolz, Julius"]
[Black "Traunig, Stefan"]
[Result "1-0"]
[WhiteElo "1965"]
[BlackElo "1665"]
[PlyCount "29"]
[EventDate "2018.07.07"]
[EventType "swiss"]
[EventRounds "9"]
[EventCountry "AUT"]
[SourceTitle "EXT 2020"]
[Source "ChessBase"]
[SourceDate "2019.10.17"]
[SourceVersion "1"]
[SourceVersionDate "2019.10.17"]
[SourceQuality "1"]

1. e4 Nf6 2. e5 Nd5 3. d4 d6 4. Nf3 dxe5 5. dxe5 Bg4 6. Be2 e6 7. 0-0 Nc6 8. c4 Nb6 9. Nbd2 Be7 10. b3 0-0 11. Bb2 Qd7 12. Ne4 Rad8 13. Qc1 Qc8 14. Nf6+ Kh8 15. Nxg4 1-0

[Event "AUT-ch U16"]
[Site "St Veit"]
[Date "2018.03.27"]
[Round "4"]
[White "Stolz, Julius"]
[Black "Bratko, Alexander"]
[Result "1-0"]
[WhiteElo "1922"]
[BlackElo "1681"]
[PlyCount "61"]
[EventDate "2018.03.25"]
[EventType "swiss"]
[EventRounds "7"]
[EventCountry "AUT"]
[SourceTitle "EXT 2019"]
[Source "ChessBase"]
[SourceDate "2018.10.10"]
[SourceVersion "1"]
[SourceVersionDate "2018.10.10"]
[SourceQuality "1"]

1. e4 c5 2. Nf3 d6 3. d4 cxd4 4. Nxd4 Nf6 5. Nc3 a6 6. Bg5 e6 7. f4 Be7 8. Qf3 Qc7 9. 0-0-0 Nbd7 10. g4 b5 11. Bxf6 Nxf6 12. g5 Nd7 13. h4 Bb7 14. Kb1 b4 15. Nce2 a5 16. Ng3 a4 17. h5 Rc8 18. Bb5 a3 19. g6 Bf6 20. gxf7+ Kxf7 21. Bxd7 Qxd7 22. Qb3 d5 23. f5 Bxd4 24. Rxd4 Rhd8 25. Rxb4 Bc6 26. fxe6+ Qxe6 27. Rf1+ Kg8 28. Nf5 Rc7 29. Rb8 Rxb8 30. Qxb8+ Rc8 31. Qxc8+ 1-0

[Event "St Veit op-B 36th"]
[Site "St Veit"]
[Date "2017.07.09"]
[Round "3.10"]
[White "Sommer, Artur"]
[Black "Stolz, Julius"]
[Result "0-1"]
[WhiteElo "1955"]
[BlackElo "1422"]
[PlyCount "108"]
[EventDate "2017.07.08"]
[EventType "swiss"]
[EventRounds "9"]
[EventCountry "AUT"]
[SourceTitle "EXT 2024"]
[Source "ChessBase"]
[SourceDate "2023.10.10"]
[SourceVersion "1"]
[SourceVersionDate "2023.10.10"]
[SourceQuality "1"]

1. e4 e5 2. Nf3 Nc6 3. Bb5 a6 4. Ba4 Nf6 5. 0-0 Be7 6. Re1 b5 7. Bb3 d6 8. c3 0-0 9. h3 h6 10. d3 Na5 11. Bc2 c5 12. Nbd2 Nc6 13. Nf1 Re8 14. Ng3 Bf8 15. Nh4 g6 16. Nf3 Bg7 17. Be3 Bb7 18. Qd2 Kh7 19. Rad1 Qc7 20. Nh4 Rad8 21. Ngf5 gxf5 22. Nxf5 Ng8 23. Qe2 Bc8 24. g4 Nce7 25. h4 Nxf5 26. exf5 Qc6 27. d4 f6 28. d5 Qc7 29. Be4 Qf7 30. Kg2 Ne7 31. Qf3 Rh8 32. Rh1 Kg8 33. Bxc5 Kf8 34. Bb6 Rd7 35. b3 Rb7 36. Ba5 h5 37. Bb4 hxg4 38. Qxg4 Qh5 39. Qxh5 Rxh5 40. Bxd6 Bxf5 41. Bxf5 Rxf5 42. Bc5 Ke8 43. c4 bxc4 44. bxc4 Rf4 45. Bxe7 Kxe7 46. c5 Rb2 47. Rhf1 Rc2 48. d6+ Kd7 49. Rb1 Bh6 50. Rb7+ Kd8 51. Rc7 Rg4+ 52. Kh3 Rg7 53. Rc6 Bf4 54. Rb1 Rc3+ 0-1